Adjustement et équité: un bilan nuancé.
O programoch prispôsobovania sa a rastu v spravodlivosti v rozvojových krajinách s hodnotením sociálnych dôsledkov stabilizačných programov. Každá krajina má svoju históriu. Stabilizácia v spravodlivosti. Štrukturálne prispôsobenie sa a spravodlivosť. Niekoľko poučení. (L'Observateur de l'OCDE 1991,...
Gespeichert in:
| 1. Verfasser: | |
|---|---|
| Format: | Buchkapitel |
| Sprache: | Französisch |
| Schlagworte: | |
| Tags: |
Keine Tags, Fügen Sie das erste Tag hinzu!
|
MARC
| LEADER | 00000naa a2200000 4500 | ||
|---|---|---|---|
| 001 | r009044 | ||
| 005 | 20220913124903.0 | ||
| 041 | 0 | |a fre | |
| 044 | |a FR | ||
| 245 | 1 | 0 | |a Adjustement et équité: un bilan nuancé. |c C. Morrisson |
| 520 | |a O programoch prispôsobovania sa a rastu v spravodlivosti v rozvojových krajinách s hodnotením sociálnych dôsledkov stabilizačných programov. Každá krajina má svoju históriu. Stabilizácia v spravodlivosti. Štrukturálne prispôsobenie sa a spravodlivosť. Niekoľko poučení. (L'Observateur de l'OCDE 1991, č.172). | ||
| 610 | 2 | 0 | |a programy vládne |
| 610 | 2 | 0 | |a stabilizácia hospodárstva |
| 610 | 2 | 0 | |a krajiny rozvojové |
| 610 | 2 | 0 | |a postavenie sociálne |
| 610 | 2 | 0 | |a programy sociálne |
| 610 | 2 | 0 | |a zmeny štruktúrne |
| 610 | 2 | 0 | |a zadlženosť zahraničná |
| 100 | 1 | |a Morrisson, C. | |